[Event "RUS-ch"]
[Site "Krasnodar"]
[Date "2002.09.03"]
[Round "8"]
[White "Beshukov, Sergei"]
[Black "Potkin, Vladimir"]
[Result "0-1"]
[WhiteElo "2475"]
[BlackElo "2485"]
[Annotator "Mueller,Karsten"]
[PlyCount "68"]
[EventDate "2002.08.27"]
[EventType "swiss"]
[EventRounds "9"]
[EventCountry "RUS"]
[SourceTitle "CBM 091"]
[Source "ChessBase"]
[SourceDate "2002.11.12"]
[SourceVersion "1"]
[SourceVersionDate "2002.11.12"]
[SourceQuality "1"]

1. e4 e6 2. d4 d5 3. Nd2 c5 4. Ngf3 Nf6 5. e5 Nfd7 6. c3 Nc6 7. Bd3 Be7 8. O-O
g5 $5 9. b3 $5 $146 (9. h3 $6 h5 10. g4 Qb6 11. Qb3 (11. c4 $2 hxg4 12. hxg4
cxd4 13. cxd5 Ncxe5 $19 14. Nc4 Nxc4 15. Bxc4 e5 16. Kg2 Qh6 17. Rh1 Qxh1+ 18.
Qxh1 Rxh1 19. Kxh1 f6 {0-1 Lipecki,A-Dolmatov,S/Bern 1994/TD 94\02 (19)}) 11...
Qc7 12. Qd1 b6 $15 {0-1 Barlow,B-Williams,S/London 1999/CBM 70 ext (24). (24)})
(9. dxc5 g4 (9... Nxc5 10. Bb5 (10. Bc2 g4 11. Nd4 Nxe5 12. Qe2 Bf6 13. b4 Ncd7
14. f4 Nc6 15. N2b3 h5 16. Be3 $44 {1-0 Degraeve,J-Renet,O/Montpellier 1993/
EXT 93 (35)}) 10... Bd7 11. Qe2 a6 12. Bxc6 bxc6 13. c4 $11 {/+/= 1/2-1/2
Rachels,S-Arencibia,W/Manila 1990/CBM 19/[Knaak] (58)}) (9... Ndxe5 10. Bb5 Bd7
(10... Ng6 11. c4 O-O 12. cxd5 Qxd5 13. Nb3 g4 14. Qxd5 exd5 15. Bxc6 bxc6 16.
Nfd4 Bd7 $11 {0-1 Zalkind,K-Williams,S/Witley ENG 1999 (121)}) 11. Re1 (11. Qe2
Qc7 12. b4 Bf6 $132 {0-1 Haase,W-Rechel,R/Kassel 1994/GER 08 (41)}) (11. b4 $5)
11... Bf6 12. Nxe5 Nxe5 13. Bxd7+ Qxd7 14. Nf3 Nxf3+ 15. Qxf3 Qe7 16. Be3 $14 {
1-0 Pachow,J-Schneppensieper,T/BL2-O 1995/BL2 (28)}) 10. Nd4 Ndxe5 (10... Ncxe5
11. Bb5 Bxc5 12. Re1 Bd6 13. f4 gxf3 14. N2xf3 Nxf3+ 15. Qxf3 Bxh2+ 16. Kf1 $44
{1-0 Hebden,M-Summerscale,A/Bradford ENG 2001/The Week in Chess 364 (38)}) 11.
Bb5 (11. N2b3 $5 Nxd3 12. Qxd3 e5 13. Nxc6 bxc6 14. Bh6 $36 {0-1 Gasanov,
E-Izoria,Z/Baku AZE 2002/The Week in Chess 403 (45)}) 11... Bd7 (11... Bxc5 $6
12. f4 $1 gxf3 (12... Qb6 $6 13. fxe5 Qxb5 14. Qxg4 Rf8 15. N2f3 Bd7 16. Bh6
$36) (12... Nd7 $5) 13. N2xf3 Bd7 14. Bxc6 Nxc6 15. Ng5 Qb6 16. Nxf7 Rg8 17.
Qh5 Bxd4+ 18. cxd4 Qxd4+ 19. Rf2 $40 Qg4 $6 20. Qxh7 Qd1+ 21. Rf1 Qd4+ 22. Kh1
Qg7 23. Bg5 $18 Ne7 (23... Qxh7 24. Nd6#) 24. Nd6+ Kd8 25. Bxe7+ Kc7 26. Qxg7
Rxg7 27. Bf6 Rh7 28. Be5 Rh5 29. Nf7+ {1-0 Gerigk,E-Martin,T/BL2-S 1994/BL2 
(29)}) 12. b4 (12. f4 Nxd4 13. Bxd7+ Qxd7 14. cxd4 Nc6 $132 {0-1 Pachow,
J-Dietz,J/OLNN 1993/BIG 90 (36)}) 12... h5 13. N2b3 Ng6 14. f4 gxf3 15. Bxc6
bxc6 16. Qxf3 Rh7 17. c4 e5 18. cxd5 Bg4 19. Qf2 Qxd5 20. Nf5 Bxf5 {1/2-1/2
Ramaswamy,A-Buckley,S/Torquay ENG 2002/The Week in Chess 405 (20)}) (9. Bb5
cxd4 (9... Qb6 10. Bxc6 bxc6 {0-1 Krug,S-Rupp,M/2.BLO 9899 Würzburg-Bamberg
1999/BL2 (20)} 11. dxc5 Nxc5 12. b4 Nd3 13. Nb3 Ba6 14. Bxg5 Nb2 15. Qc2 Bxf1
16. Bxe7 Kxe7 17. Qxb2 $44) (9... g4 $5) 10. Nxd4 Ndxe5 11. Qh5 $44 {
Gipslis-Ulybin/URS/1988/i46/(349)}) (9. b4 cxd4 10. cxd4 Nxb4 (10... Bxb4 $6
11. Nb3 g4 $6 (11... h6 $5) 12. Ng5 h6 13. Nxe6 $1 fxe6 14. Bg6+ Ke7 15. Qxg4
Nb6 16. a3 Bc3 17. Nc5 Nxe5 18. dxe5 Bxe5 19. Bd2 $40 {Rasik,V-Borovikov,V/
EU-chJ Sas van Gent/1992/}) 11. Be2 Nf8 (11... Nc6 12. Nb3 Nb6 13. h4 (13. Rb1
$5) 13... gxh4 14. Ne1 Bf8 15. Bh5 Rg8 16. Qd3 $13 {1-0 Schmidt,K-Lamoureux,C/
Paris 1990/EXT 90ch2 (28)}) 12. Nb3 b6 (12... Ng6 13. Be3 Kf8 14. Qd2 h6 15. h4
$44 {Gipslis,E-Ulibin,M/Moscow Alekhine op/1992/ (16)}) 13. Bd2 h6 14. h4 $5
gxh4 15. Nh2 a5 16. Ng4 h5 17. Nh2 Ng6 18. Bxh5 $13 {1/2-1/2 Gipslis,
A-Savchenko,S/Alushta 1993/CBM 36/[Knaak] (57)}) (9. Kh1 h5 (9... Qb6 $5) 10.
dxc5 g4 11. Nd4 Ndxe5 12. Bb5 Bd7 13. b4 $132 {1/2-1/2 Deev,A-Beckhuis,G/
Berlin 1994/EXT 94op (47)}) (9. a3 $6 {1-0 Eismont,O-Netolitzky,G/Biel 1994/TD
94\02 (26)} cxd4 10. cxd4 Qb6 $36) 9... cxd4 10. cxd4 Qb6 11. Bb2 h5 (11... g4
$6 12. Ne1 Nxd4 $6 13. Qxg4 $36) 12. h3 $2 {die folgende Öffnung der h-Linie
spielt Schwarz in die Karten.} (12. a4 $5 $13 {e.g. z.B.} g4 (12... a5 13. Bb5
g4 14. Ne1 Nxd4 15. Nc4 dxc4 16. Bxd4 $36) 13. Ne1 Nxd4 $2 14. a5 Qc5 15. Rc1
Qb4 16. Bc3 $18) 12... g4 $17 13. hxg4 hxg4 14. Nh2 g3 15. Nhf3 $2 (15. Ng4 $1
gxf2+ 16. Rxf2 (16. Nxf2 $6 Nxd4 17. Nf3 Bc5 18. Rc1 Nxf3+ 19. Qxf3 Bd4 20.
Bxd4 Qxd4 21. Rc7 Qxe5 22. Rfc1 Ke7 $17) 16... Nxd4 17. g3 Bc5 18. Kg2 {
und Weiß hat mehr Gegenspiel als in der Partie.}) (15. fxg3 $2 Nxd4 16. Kh1
Nxe5 $19) {[%tqu "De","Wie soll Schwarz seine Entwicklung vollenden?","","",
"d7e5","",6]} 15... Ndxe5 $1 $19 {[%mdl 64] ein mächtiger taktischer Schlag,
der auf die Schwäche der Diagonale a7-g1 setzt, von dem sich Weiß nicht mehr
erholt, weil seine Königsstellung zu unsicher ist.} 16. Nxe5 (16. dxe5 Bc5 $19)
(16. Qe2 Nxd3 17. Qxd3 gxf2+ 18. Rxf2 e5 $19) 16... Nxe5 17. Be2 (17. dxe5 Bc5
18. Qf3 gxf2+ 19. Rxf2 Bxf2+ 20. Kf1 (20. Qxf2 $2 Rh1+ 21. Kxh1 Qxf2 $19) 20...
Bc5 $19) 17... Nc6 18. Nf3 gxf2+ 19. Rxf2 Bd7 20. Rc1 f6 21. a3 O-O-O 22. b4
Kb8 23. Qd2 Bd6 24. b5 $6 Na5 25. Rb1 Qc7 26. Bc3 Nc4 27. Bxc4 dxc4 28. g4 (28.
d5 Bh2+ 29. Kf1 Bg3 30. Bxf6 Rh1+ 31. Ng1 (31. Ke2 Rxb1 32. Bxd8 Qc5 33. Rf1 c3
$19 {[%cal Gd7b5]}) 31... Bxf2 32. Qxf2 c3 33. Bxd8 Qc4+ 34. Ke1 (34. Qe2 Rxg1+
35. Kxg1 Qxe2 $19) 34... Qe4+ $19) 28... Rhg8 29. Rg2 e5 30. g5 e4 31. Ne1 Bh3
32. a4 (32. Rf2 Rxg5+ 33. Ng2 Rdg8 $19) 32... Bxg2 33. Nxg2 Rxg5 34. Rb2 Rdg8
0-1

[Event "USA-ch"]
[Site "Seattle"]
[Date "2003.01.12"]
[Round "4"]
[White "Christiansen, Larry Mark"]
[Black "Kraai, Jesse"]
[Result "1-0"]
[WhiteElo "2566"]
[BlackElo "2453"]
[Annotator "Mueller,Karsten"]
[PlyCount "63"]
[EventDate "2003.01.09"]
[EventType "swiss"]
[EventRounds "9"]
[EventCountry "USA"]
[SourceTitle "CBM 093"]
[Source "ChessBase"]
[SourceDate "2003.04.01"]
[SourceVersion "1"]
[SourceVersionDate "2003.04.01"]
[SourceQuality "1"]

1. e4 e6 2. d4 d5 3. Nd2 Nf6 4. e5 Nfd7 5. Ngf3 c5 6. c3 Nc6 7. Bd3 a5 (7... g5
8. O-O (8. dxc5 $6 Bxc5 9. Nb3 Be7 10. O-O Ndxe5 11. Nxe5 Nxe5 12. Bb5+ Bd7 13.
Bxd7+ Qxd7 $15 {1/2-1/2 Ilic,V-Rasidovic,S/JUG-ch 1991/TD 91\07 (43). (42)}) (
8. h3 h5 9. Qe2 Rg8 $132 {1/2-1/2 Peart,A-Clarke,T/Bunratty IRL 2001/The Week
in Chess 329 (50). (50)}) 8... g4 9. Ne1 h5 10. Nc2 cxd4 11. cxd4 Qb6 12. Nb3
$14 {1-0 Buckley,S-Hanley,C/Torquay ENG 2002/The Week in Chess 405 (58)}) (7...
g6 8. h4 cxd4 9. cxd4 Qb6 10. Nb3 h6 11. Be3 a5 12. a4 Ndb8 13. h5 g5 14. O-O
Nb4 15. Be2 N8c6 16. Nh2 Bd7 17. Ng4 O-O-O 18. f4 gxf4 19. Bxf4 Kb8 20. Qd2 Ne7
{1/2-1/2 Benjamin,J-Akobian,V/Seattle USA 2003/The Week in Chess 428 (20)}) 8.
O-O g5 $5 {[%mdl 8] ein radikaler Versuch, das weiße Zentrum zu unterminieren}
(8... g6 9. h4 (9. Re1 Bg7 10. Nf1 cxd4 11. cxd4 Qb6 12. Be2 (12. Bc2 O-O 13.
h4 f6 $11 {1/2-1/2 Minasian,A-Luther,T/Yerevan 2001/CBM 86 (65)}) 12... O-O 13.
Rb1 $6 f6 14. exf6 Nxf6 15. Ng3 $6 Ng4 $1 16. h3 $2 Nxf2 17. Kxf2 Bxd4+ 18. Kf1
e5 $40 {0-1 Valenti,G-Luther,T/Torino 1998/CBM 64 ext (25)}) (9. dxc5 $6 Ndxe5
10. Nxe5 Nxe5 11. Nf3 Nxf3+ 12. Qxf3 Bxc5 13. Bh6 Bf8 $11 {/=/+ 0-1 Degraeve,
J-Hertneck,G/Leon 2001/CBM 86 (54)}) 9... Bg7 10. Re1 O-O (10... cxd4 11. cxd4
O-O 12. a4 $6 f6 $1 13. exf6 Qxf6 $15 {1/2-1/2 Sakelsek,T-Kurmann,O/
Balatonlelle 2002/CBM 88 ext (40). (40)}) 11. h5 $5 cxd4 12. cxd4 gxh5 13. Nb3
f6 14. exf6 Nxf6 15. Bg5 $44 {1-0 Smirin,I-Luther,T/Moscow 2001/CBM 86 (30)}) (
8... cxd4 9. cxd4 a4 (9... Nb6 10. a3 (10. Re1 Bd7 11. Nf1 Nb4 12. Bb1 Be7 13.
Ng3 h5 14. Ne2 Bb5 $132 {1/2-1/2 Nedev,T-Brady,S/Leon 2001/CBM 86 (37)}) 10...
Bd7 11. b3 Be7 12. Bb2 Kf8 13. Ne1 h5 14. f4 $14 {(...). 1/2-1/2 Vogt,L-Huerta,
R/Cienfuegos 1985/MCL (25)}) (9... Qb6 10. Re1 Nxd4 11. Nxd4 Qxd4 12. Nf3 Qb6
13. Qa4 Qb4 14. Qc2 Nc5 15. Bd2 Qb6 16. Be3 Bd7 17. Rac1 Rc8 $44 {0-1 Gavela,
D-Cioara,A/Bucharest 2001/CBM 82 ext (89)}) 10. a3 Nb6 11. Re1 Bd7 (11... Be7
12. Nf1 Na5 13. g4 $6 h5 14. gxh5 Rxh5 15. Ng3 Rh8 16. Be3 Nac4 $15 {0-1
Hampton,P-Steckner,J/Edinburgh 1988/TD (29)}) 12. Nf1 Be7 13. Ng3 Na5 14. Be3
Nbc4 15. Rb1 b5 16. Nd2 b4 $6 17. Qg4 g6 18. axb4 Bxb4 19. Nxc4 Nxc4 20. Bxc4
dxc4 21. Bg5 Qc7 22. Ne4 $36 {1-0 Gasanov,E-Lysak,I/Evpatoria 2002/EXT 2003 
(34)}) (8... a4 9. Re1 (9. c4 dxc4 $6 (9... cxd4 $5) 10. Nxc4 Nxd4 11. Nxd4
cxd4 12. Qg4 Nc5 $6 13. Bg5 Qc7 14. Qxd4 Nxd3 15. Qxd3 Bd7 16. Rfd1 Bc6 17. Qg3
Rg8 18. Rac1 Be7 19. Nd6+ Bxd6 20. Rxd6 {1-0 Anagnostopoulos,D-Reefschlaeger,H/
Velden 1996/EXT 97 (20)}) (9. Bb5 cxd4 10. c4 Nb6 11. Nxd4 Bd7 12. N4f3 Ra5 13.
Qe2 Be7 14. b3 axb3 15. Nxb3 Ra8 16. Be3 Nxc4 17. Bxc4 dxc4 18. Qxc4 O-O {
1/2-1/2 Einarsson,H-Meyer,P/Muenster 1987/EXT 2001 (18)}) 9... cxd4 10. cxd4
Nb4 11. Bb1 Nb6 12. Nf1 Be7 13. Ng3 h5 (13... g6 $6 14. Bh6 Bd7 15. Qc1 Bb5 16.
Bg7 Rg8 17. Qh6 $36 {1-0 Hausner,I-Dolezal,M/Prague 1990/EXT 97 (42)}) 14. Ne2
Nc4 15. a3 Nc6 16. h4 $5 $14 {1-0 Airapetian,A-Dgebuadze,A/Tbilisi 1996/EXT
2002 (41)}) 9. dxc5 $6 (9. Re1 $4 g4 $17) (9. Nb3 {ist genauer zu prüfen, z.B.}
g4 (9... c4 10. Nxg5 cxd3 11. Nxe6 Qb6 12. Nxf8 Nxf8 13. Qxd3 $13) 10. Ng5 c4
11. Bxh7 cxb3 12. Nxe6 Qb6 $13) (9. Kh1 $5 {[%cal Gf3g1,Gg1e2,Gf2f4]}) 9... g4
10. Nd4 Ndxe5 11. Bb5 Bd7 12. Re1 (12. f4 Nxd4 13. Bxd7+ Nxd7 14. cxd4 Bg7 $15)
12... Qf6 13. f4 gxf3 14. N2xf3 Bxc5 15. Bxc6 Nxc6 16. Be3 Ne5 $6 (16... Ne7 $5
) 17. Kh1 Bd6 $6 (17... Ng4 18. Bg1 Bd6 (18... O-O $6 19. h3 (19. Nxe6 $2 Bxg1
20. Nxf8 Bb6 21. Qxd5 Bc6 $17) 19... e5 20. hxg4 Qh6+ 21. Nh2 exd4 22. Bxd4 $36
) 19. Qb3 O-O $132) 18. Bg5 $36 Qg6 19. Nxe5 Qxg5 20. Ndf3 Qf4 (20... Qe7 21.
Nxd7 Kxd7 22. Qa4+ Kc8 23. c4 $36) 21. c4 $1 {Weiß muss Linien öffnen, um
seinen Entwicklungsvorsprung zur Geltung bringen zu können.} Bc6 22. Nxc6 bxc6
23. cxd5 cxd5 24. Qxd5 O-O 25. Qh5 Rac8 26. Qxa5 Rc2 27. Qh5 (27. b3 $5 Rfc8 (
27... Bb4 28. Qa4 Rfc8 29. Rf1 (29. a3 $2 Rxg2 $40)) 28. Rf1 h6 29. Rad1 Qg4
30. Rd2 Bf4 31. Qa4 {und in beiden Fällen ist nicht ganz klar, ob Schwarz
genügend Kompensation hat.}) 27... Rxb2 28. Rad1 Bb4 29. Re5 (29. Rd4 Qf5 30.
Qxf5 exf5 31. Ra1 $14) 29... h6 30. g3 Qf6 31. Re4 Qf5 $4 {[%mdl 8192]} (31...
Kh7 $142 $11) 32. Rg4+ (32. Rg4+ Kh7 33. Ng5+ Kg7 34. Nxe6+ Kf6 35. Qxh6+ Ke5 (
35... Ke7 36. Qxf8+ Kxe6 37. Qe8+ Kf6 38. Rf4 $18) 36. Qe3+ Kf6 37. Qd4+ Kxe6
38. Re4+ $18) 1-0

[Event "USA-ch"]
[Site "Seattle"]
[Date "2003.01.10"]
[Round "2"]
[White "Kudrin, Sergey"]
[Black "Pruess, David"]
[Result "1-0"]
[WhiteElo "2542"]
[BlackElo "2346"]
[Annotator "Mueller,Karsten"]
[PlyCount "91"]
[EventDate "2003.01.09"]
[EventType "swiss"]
[EventRounds "9"]
[EventCountry "USA"]
[SourceTitle "CBM 093"]
[Source "ChessBase"]
[SourceDate "2003.04.01"]
[SourceVersion "1"]
[SourceVersionDate "2003.04.01"]
[SourceQuality "1"]

1. e4 e6 2. d4 d5 3. Nd2 Nf6 4. e5 Nfd7 5. Bd3 c5 6. c3 Nc6 7. Ne2 cxd4 8. cxd4
f6 9. exf6 Nxf6 10. Nf3 Bd6 11. O-O O-O 12. Bf4 Bxf4 13. Nxf4 Ne4 14. g3 Qf6
15. h4 h6 16. Bxe4 dxe4 17. Ne5 Rd8 18. Nxc6 bxc6 19. Qc2 Ba6 (19... g5 $5 20.
Ng2 (20. Ne2 Qf3 21. Nc3 Ba6 22. Rfe1 Rxd4 $132 {1-0 Aagaard,J-Kaufman,R/
Hampstead 1998/EXT 99 (47)}) (20. hxg5 hxg5 21. Ne2 (21. Ng2 Ba6 22. Rfd1 Bd3
23. Qd2 $6 Rxd4 $36 {1-0 Nguyen Viet Chung-Wang Hao/Kuala Lumpur 2002/CBM 89
ext (87)}) 21... Qf3 22. Nc3 Ba6 23. Rfe1 Bd3 24. Qd2 Kf7 25. Re3 $13 {0-1
Sivokho,S-Apicella,M/Paris 1996/CBM 51 ext (54)}) 20... Ba6 21. Rfd1 Bd3 22.
Qc5 Rd5 23. Qxc6 Rf8 24. Rd2 Rf5 $2 (24... gxh4 25. Nxh4 $13) 25. Ne3 $16 {
1-0 Baron Rodriguez,J-Galiana Salom,J/Cala Galdana 1999/CBM 73 ext (35)}) (
19... Rb8 $5 20. Rad1 (20. Qxe4 Rxd4 21. Qxc6 Rxf4 22. gxf4 Bb7 23. Qc2 Qxh4
24. f3 Qxf4 $44) 20... g5 21. hxg5 hxg5 22. Ne2 Ba6 23. Qxe4 $2 (23. Rd2 $11)
23... Rxb2 $17 {0-1 Kruszynski,W-Cech,P/Bayern 1996/EXT 99 (34)}) (19... e5 20.
dxe5 Qxe5 21. Qxc6 Bg4 22. Ng6 Qd4 {1/2-1/2 Sorokin,M-Ulibin,M/Borzhomi 1988/
EXT 97 (41)} 23. Rfe1 $14) 20. Rfe1 Bd3 $1 (20... g5 $2 21. hxg5 hxg5 22. Rxe4
gxf4 23. Rxf4 $18 {1-0 Xu Jun-Apicella,M/Cap d'Agde 1994/CBM 43 ext (72). (71)}
) 21. Qxc6 Rac8 $2 (21... Rab8 22. Qxe6+ Qxe6 23. Nxe6 Rd6 24. Nc5 Rxb2 25.
Nxe4 Rxd4 $14) 22. Qxe6+ Qxe6 23. Nxe6 Rd6 24. Nc5 Rxd4 25. Rac1 Rb8 26. b3 Rb6
27. Rc3 Rbd6 28. a3 a5 29. Nb7 R6d5 30. Rc8+ Kf7 31. Ra8 Bc2 $6 (31... Bb5 $5
32. Kg2 (32. Rxa5 $2 Rd1 33. Rxd1 Rxd1+ 34. Kh2 Bc6 $132 {[%cal Ge4e3]}) 32...
Bc6 33. Ra7 Bxb7 34. Rxb7+ $14 {/+/-}) 32. Nxa5 Rd1 33. Rxd1 Bxd1 34. Nc4 Bf3
$2 (34... Bxb3 35. Ra7+ Kf6 36. Ra6+ Ke7 37. Ne3 Rd7 $16) 35. Kh2 g5 36. Ra5
Rxa5 (36... Rd1 37. Ne5+ Kf6 38. Nxf3 exf3 39. hxg5+ hxg5 40. g4 $18) 37. Nxa5
g4 38. Nc4 {droht ins Bauernendspiel abzuwickeln} Ke6 39. Nd2 Bd1 40. Nxe4 Ke5
(40... Bxb3 {runs into läuft in} 41. Nc5+ Kd5 42. Nxb3 $18) 41. Nc5 Kd5 42. b4
Kc4 43. Kg1 Be2 44. f4 gxf3 45. Kf2 h5 46. Ne6 (46. Ne6 Bd1 47. Nf4 Ba4 48.
Nxh5 Kb3 49. Nf6 Kxa3 50. h5 $18) 1-0

[Event "Stockholm"]
[Site "Stockholm"]
[Date "2002.08.06"]
[Round "4"]
[White "Carlsson, Pontus"]
[Black "Olsson, Anders"]
[Result "0-1"]
[WhiteElo "2400"]
[BlackElo "2327"]
[Annotator "Mueller,Karsten"]
[PlyCount "52"]
[EventDate "2002.08.03"]
[EventType "tourn"]
[EventRounds "9"]
[EventCountry "SWE"]
[EventCategory "8"]
[SourceTitle "CBM 091"]
[Source "ChessBase"]
[SourceDate "2002.11.12"]
[SourceVersion "1"]
[SourceVersionDate "2002.11.12"]
[SourceQuality "1"]

1. e4 e6 2. d4 d5 3. Nd2 Nf6 4. e5 Nfd7 5. Bd3 c5 6. c3 Nc6 7. Ngf3 cxd4 8.
cxd4 f6 9. Ng5 $2 {This sacrifice is not correct as Olsson shows. Dieses
Figurenopfer ist nicht korrekt, wie Olsson überzeugend nachweist. Denn Schwarz
verfügt bei Zeiten über die rettende Ressource Sdxe5. Allerdings darf er die
Figur nicht zu früh zurückgeben:} (9. exf6 {is the main line. ist die
Hauptvariante.}) 9... fxg5 $1 (9... Ndxe5 $2 10. dxe5 fxg5 11. Qh5+ Kd7 12. Nf3
(12. O-O {comes into consideration as well, e.g. kommt auch in Frage, z.B.}
Nxe5 13. Bb5+ Kc7 14. Nb3 g6 15. Qe2 Bd6 16. f4 gxf4 17. Bxf4 Nc6 18. Rac1 Bxf4
$6 19. Rxf4 Qd6 $2 20. Rf7+ $18 Kb8 $6 21. Bxc6 bxc6 {1-0 Pisarek,A-Raszka,J/
Biel 1991/EXT 91ch (47)} 22. Rxc6 $18) 12... Bb4+ (12... g6 13. Qg4 (13. Qxg5
Qxg5 (13... Bb4+ 14. Kf1 Qxg5 15. Bxg5 Be7 16. h4 $14 {1/2-1/2 Tocco,
P-Pienabarca,N/Arco ITA 2000/The Week in Chess 314 (61)}) 14. Bxg5 Bg7 15. Bf4
$14 {1/2-1/2 Delgado,N-Del Rio Angelis,S/Santa Clara 2000/CBM 78 (29)}) 13...
Be7 14. Nxg5 Bxg5 15. Bxg5 Qa5+ 16. Bd2 Nxe5 17. Qd4 Nxd3+ 18. Qxd3 Qa4 19. O-O
$36 {1-0 Zarnicki,P-Hebert,J/Erevan 1996/EXT 96ch2 (40)}) 13. Kd1 (13. Ke2 h6
14. Be3 (14. h4 $5) 14... b6 15. Rac1 $14 {1/2-1/2 Van Wessel,R-Mencinger,V/
Groningen 1994/EXP 45 (71)}) (13. Kf1 $5) 13... h6 14. h4 Rf8 $2 (14... gxh4
15. Rxh4 Kc7 16. Be3 $14 {[%cal Ga1c1]}) 15. hxg5 hxg5 16. Bxg5 Qb6 17. Qg6 $1
Be7 18. Qxg7 $18 {(Kundin/Alterman). Kundin,A-Hernando Rodrigo,J/Oropesa del
Mar 74/(293) 1998/Inf 74/[Kundin,A; Alterman,B]}) 10. Qh5+ g6 $1 (10... Ke7 $2
11. Nf3 h6 (11... Qb6 $2 12. Bxg5+ $16 Nf6 13. O-O Bd7 14. Qh4 Kf7 15. exf6 g6
16. Rac1 Bd6 17. Bh6 Rhg8 18. Ng5+ {1-0 Benjamin,J-Fairgrieve,R/Parsippany NJ
USA 1999 (18).}) 12. Nxg5 $6 (12. Bxg5+ $5 hxg5 13. Qxh8 Qa5+ $13) 12... Ndxe5
$1 13. dxe5 Nxe5 {0-1 Ori,M-Neves,B/Lisbon POR 2001/The Week in Chess 356 (39)
and Black should be better, but matters are not completely clear. und Schwarz
sollte besser stehen. Allerdings ist die Lage etwas unübersichtlich.}) 11.
Bxg6+ hxg6 12. Qxg6+ (12. Qxh8 $2 Nxd4 $19) 12... Ke7 13. Nf3 (13. Ne4 Ndxe5
$17) (13. Nc4 Ndxe5 14. Bxg5+ Kd7 15. Nxe5+ Nxe5 16. dxe5 Bb4+ 17. Ke2 Qg8 18.
Qxg8 Rxg8 19. h4 b6 20. f4 Ba6+ $17) 13... Ndxe5 $1 14. Nxe5 (14. Bxg5+ Kd7 15.
dxe5 Qe8 $17) 14... Nxe5 15. dxe5 Kd7 16. O-O $6 (16. Bxg5 Bb4+ 17. Kd1 Qg8 18.
Qxg8 Rxg8 19. f4 b6 20. h4 Bb7 $17) 16... Be7 $19 17. Be3 Qg8 18. Qc2 Ke8 19.
f4 Bd7 20. fxg5 Bxg5 21. Bc5 Rc8 22. Qf2 Bb5 23. Rfe1 Qh7 24. h3 Bh4 25. Qe3
Bxe1 26. Rxe1 Rg8 0-1